Discourse analysis and other topics in Biblical Greek / (Record no. 37939)
[ view plain ]
| 000 -LEADER | |
|---|---|
| fixed length control field | 00633nam a22001811a 4500 |
| 003 - CONTROL NUMBER IDENTIFIER | |
| control field | NEGST |
| 005 - DATE AND TIME OF LATEST TRANSACTION | |
| control field | 20110718132613.0 |
| 008 - FIXED-LENGTH DATA ELEMENTS--GENERAL INFORMATION | |
| fixed length control field | 030627s1995 001 0 eng d |
| 020 ## - INTERNATIONAL STANDARD BOOK NUMBER | |
| International Standard Book Number | 1850755450 |
| 245 00 - TITLE STATEMENT | |
| Title | Discourse analysis and other topics in Biblical Greek / |
| Statement of responsibility, etc | ed. by Stanley E. Porter & D.A. Carson. |
| 260 ## - PUBLICATION, DISTRIBUTION, ETC. (IMPRINT) | |
| Place of publication, distribution, etc | [S.l.] : |
| Name of publisher, distributor, etc | Sheffield, |
| Date of publication, distribution, etc | c1995. |
| 300 ## - PHYSICAL DESCRIPTION | |
| Extent | 227p. |
| 440 #0 - SERIES STATEMENT/ADDED ENTRY--TITLE | |
| Title | Journal for the study of the New Testament supplement series ; |
| Volume number/sequential designation | 113 |
| 500 ## - GENERAL NOTE | |
| General note | Includes bibliographical references and index. |
| 590 ## - LOCAL NOTE (RLIN) | |
| Local note | Accession number: 22475 |
| 650 #0 - SUBJECT ADDED ENTRY--TOPICAL TERM | |
| Topical term or geographic name as entry element | Greek language, Biblical |
| General subdivision | Discourse analysis. |
| Withdrawn status | Lost status | Source of classification or shelving scheme | Damaged status | Not for loan | Collection code | Home library | Current library | Shelving location | Date acquired | Source of acquisition | Cost, normal purchase price | Total Checkouts | Total Renewals | Full call number | Barcode | Date last seen | Date checked out | Copy number | Price effective from | Koha item type |
|---|---|---|---|---|---|---|---|---|---|---|---|---|---|---|---|---|---|---|---|---|
| Library of Congress Classification | General Circulation | AIU/NEGST - Tony Wilmot Memorial Library | AIU/NEGST - Tony Wilmot Memorial Library | General Stacks | 01/04/2010 | D. | 20.00 | 10 | 2 | PA 863.D57 1995 | R07382Y3232 | 07/08/2024 | 06/05/2024 | 1 | 01/04/2010 | Books |
